000 00512nam a2200181Ia 4500
999 _c14419
_d14419
003 OSt
005 20201102095636.0
008 190216s9999||||xx |||||||||||||| ||und||
020 _a9788126138555
040 _coclc
082 _a821.912
_bELI/W
100 _aEliot, T S
_94660
245 4 _aThe Waste Land And Other Poems /
_cT S Eliot
260 _bFaber And Faber,
_c1962.
_aDelhi:
300 _a258p
650 _aEnglish Poetry
942 _cBK
_2ddc
_h821.912
_iELI/W
_k821.912
_mELI/W